[Event "Collado Villalba op-A 32nd"]
[Site "Collado Villalba"]
[Date "2015.08.28"]
[Round "7"]
[White "Petru, Lucian Olimpiu"]
[Black "Laveda Ayllon, Jose David"]
[Result "1/2-1/2"]
[WhiteElo "1845"]
[BlackElo "1695"]
[PlyCount "100"]
[EventDate "2015.08.22"]
[EventType "swiss"]
[EventRounds "9"]
[EventCountry "ESP"]
[SourceTitle "EXT 2016"]
[Source "ChessBase"]
[SourceDate "2015.10.08"]
[SourceVersion "1"]
[SourceVersionDate "2015.10.08"]
[SourceQuality "1"]

1. Nf3 Nf6 2. g3 c5 3. d3 Nc6 4. Bg2 e6 5. 0-0 Be7 6. Nbd2 Qc7 7. e4 b5 8. a4 bxa4 9. Rxa4 Bb7 10. Nc4 d5 11. Bf4 Qd7 12. exd5 exd5 13. Na5 Nxa5 14. Rxa5 Qd8 15. Qa1 Nh5 16. Rxa7 Nxf4 17. gxf4 0-0 18. Rxa8 Bxa8 19. Re1 Bd6 20. Qa4 d4 21. Ne5 Bxg2 22. Kxg2 Qf6 23. Re4 h5 24. h3 Rb8 25. b3 Bxe5 26. Rxe5 Qxf4 27. Rxh5 Qd6 28. Rh4 Qd5+ 29. Kg3 Ra8 30. Qc4 Qxc4 31. bxc4 Ra2 32. Rh5 Rxc2 33. Rxc5 Rd2 34. Rc8+ Kh7 35. c5 Rxd3+ 36. Kg2 Rc3 37. c6 d3 38. c7 d2 39. Rd8 Rxc7 40. Rxd2 g5 41. Rd6 f6 42. Rxf6 Kg7 43. Ra6 Rc4 44. Kg3 Rf4 45. f3 Rc4 46. Re6 Rc1 47. Kg4 Rg1+ 48. Kf5 Rg3 49. Re3 Kh6 50. Re6+ Kh5 1/2-1/2

[Event "Collado Villalba op-A 32nd"]
[Site "Collado Villalba"]
[Date "2015.08.25"]
[Round "4"]
[White "Petru, Lucian Olimpiu"]
[Black "Rodriguez de Robles, Ignacio"]
[Result "0-1"]
[WhiteElo "1845"]
[BlackElo "1932"]
[PlyCount "114"]
[EventDate "2015.08.22"]
[EventType "swiss"]
[EventRounds "9"]
[EventCountry "ESP"]
[SourceTitle "EXT 2016"]
[Source "ChessBase"]
[SourceDate "2015.10.08"]
[SourceVersion "1"]
[SourceVersionDate "2015.10.08"]
[SourceQuality "1"]

1. Nf3 Nf6 2. g3 e6 3. Bg2 d5 4. d3 c5 5. Nbd2 Nc6 6. 0-0 e5 7. e4 d4 8. Nc4 Qc7 9. a4 Bg4 10. Bg5 h6 11. Bxf6 gxf6 12. h3 Be6 13. Nh4 Qd7 14. Kh2 0-0-0 15. a5 Kb8 16. Nf5 Bxf5 17. exf5 Qxf5 18. a6 b5 19. Na3 Nb4 20. Nxb5 c4 21. Be4 Qe6 22. Bb7 cxd3 23. cxd3 Qb6 24. Qa4 Nxd3 25. Qb3 Nc5 26. Qc4 Qe6 27. Qc1 Qb3 28. Na3 Nxb7 29. axb7 Qxb7 30. Nc4 Rc8 31. b3 Bb4 32. Qd1 Rhd8 33. Qg4 Qd7 34. Qf3 Qc6 35. Qf5 Rd5 36. Rfc1 Qe6 37. Qb1 d3 38. Ne3 Rxc1 39. Qxc1 Rc5 40. Nc4 d2 41. Qd1 Qf5 42. Qe2 Qc2 43. Rd1 Rd5 44. Ne3 Qd3 45. Qg4 Rd4 46. Qg8+ Rd8 47. Qxf7 Bc5 48. Qxf6 Rf8 49. Qxe5+ Bd6 50. Qd5 Rxf2+ 51. Kg1 Qxe3 52. Qxd6+ Kc8 53. Qc6+ Kd8 54. Qd6+ Ke8 55. Qc6+ Kf8 56. Qc8+ Kg7 57. Qg4+ Kh7 0-1

[Event "Madrid San Viator op 20th"]
[Site "Madrid"]
[Date "2013.05.26"]
[Round "7"]
[White "Petru, Lucian Olimpiu"]
[Black "Barahona Torrijos, Angel"]
[Result "0-1"]
[WhiteElo "1829"]
[BlackElo "1885"]
[PlyCount "116"]
[EventDate "2013.04.07"]
[EventType "swiss"]
[EventRounds "9"]
[EventCountry "ESP"]
[SourceTitle "EXT 2014"]
[Source "ChessBase"]
[SourceDate "2013.11.20"]
[SourceVersion "1"]
[SourceVersionDate "2013.11.20"]
[SourceQuality "1"]

1. e4 e5 2. d4 exd4 3. c3 Qe7 4. Qxd4 Nc6 5. Qe3 Nf6 6. Nd2 d5 7. f3 Bd7 8. Bb5 0-0-0 9. b4 d4 10. cxd4 Nxb4 11. Bxd7+ Qxd7 12. Qc3 Qxd4 13. Qxd4 Rxd4 14. Nb3 Rd7 15. Ke2 Nc2 16. Rb1 Bb4 17. Nh3 Rhd8 18. Nf2 c5 19. Be3 c4 20. Na1 Nxe3 21. Rxb4 Nxg2 22. Rxc4+ Kb8 23. Nb3 Nf4+ 24. Ke3 g5 25. Rhc1 Ng2+ 26. Ke2 Nh5 27. R4c3 Nhf4+ 28. Kf1 Nh4 29. a4 b6 30. a5 Nd3 31. Nxd3 Rxd3 32. Ke2 Rxc3 33. Rxc3 Kb7 34. axb6 axb6 35. Nd2 Ng6 36. Nc4 b5 37. Na3 Nf4+ 38. Ke3 Ka6 39. Rb3 Rb8 40. Nc4 b4 41. Kd4 Ne6+ 42. Kd5 Rb5+ 43. Kd6 Nc5 44. Rb1 Nb7+ 45. Kd7 b3 46. Ra1+ Na5 47. Na3 b2 48. Rd1 Rb7+ 49. Ke8 Rb3 50. Rd6+ Kb7 51. Nb1 Rxf3 52. Rd7+ Kc6 53. Rxf7 g4 54. Rxh7 Rf1 55. Rh6+ Kc5 56. Rh5+ Kb4 57. Rg5 Rxb1 58. Rxg4 Re1 0-1